00473nam a22001577a 450000500170000000800410001702000150005804100120007308200140008510000230009924500810012225000200020326000400022330000270026365000250029020231024134442.0231024b |||||||| |||| 00| 0 eng d a0702149837 aEnglish a347.1 BAR aBarrow OJlEnglish aThe Supreme Court Act and the Magistrates' Courts Act and Rules /cOJ Barrow aTwelfth Edition aCape Town :bJuta & Co, Ltd, c1999 b259 pages ; c25,5 cm. aLegal Practice bLaw